Composite Face to Country - Statistics

General Stats
  • This quiz has been taken 105 times
  • The average score is 3 of 15
Answer Stats
Picture Answer % Correct
China (Hong Kong)
76%
United Kingdom (London)
46%
Peru (Lima)
37%
Spain (Pamplona)
37%
Turkey (Istanbul)
22%
Ecuador (Quito)
20%
Germany (Cologne)
20%
Netherlands (Amsterdam)
18%
Brazil (São Paulo)
16%
Italy (Florence)
16%
Syria (Damascus)
8%
Australia (Sydney)
7%
Chile (Santiago)
6%
Portugal (Lisbon)
6%
Argentina (Buenos Aires)
5%
No matching quizzes found
Score Distribution
Percent of People with Each Score
Percentile by Number Answered
Your Score History
You have not taken this quiz